Fr. Conceicao Rodrigues College of Engineering

Non-conventional energy resources (Record no. 27816)

MARC details
000 -LEADER
fixed length control field 00407nam a2200181Ia 4500
082 ## - DEWEY DECIMAL CLASSIFICATION NUMBER
Classification number 621.042
Item number KHA
100 ## - MAIN ENTRY--PERSONAL NAME
Personal name Khan/B.H
250 ## - EDITION STATEMENT
Edition statement 2
245 ## - TITLE STATEMENT
Title Non-conventional energy resources
260 ## - PUBLICATION, DISTRIBUTION, ETC.
Name of publisher, distributor, etc. Tata Mc Graw hill Ltd.
Date of publication, distribution, etc. 2009
366 ## - TRADE AVAILABILITY INFORMATION
Publishers's discount category 23
300 ## - PHYSICAL DESCRIPTION
Extent 455
546 ## - LANGUAGE NOTE
Language note ENGLISH
-- Info.Tech
650 ## - SUBJECT ADDED ENTRY--TOPICAL TERM
Topical term or geographic name entry element Non conventional
654 ## - SUBJECT ADDED ENTRY--FACETED TOPICAL TERMS
Focus term non conventional energy
942 ## - ADDED ENTRY ELEMENTS (KOHA)
Koha item type BOOK
Holdings
Withdrawn status Lost status Damaged status Not for loan Collection Home library Current library Date acquired Source of acquisition Cost, normal purchase price Inventory number Total Checkouts Full call number Barcode Date last seen Cost, replacement price Price effective from Koha item type
        CRC Fr. Agnel's C.Rodrigues College of Engineering Fr. Agnel's C.Rodrigues College of Engineering 17/03/2023 Book Base 242.55 12057 dt 15/01/2013   621.042 KHA 22415 17/03/2023 315.00   BOOK
        CRC Fr. Agnel's C.Rodrigues College of Engineering Fr. Agnel's C.Rodrigues College of Engineering 17/03/2023 Book Base 242.55 12057 dt 15/01/2013   621.042 KHA 22416 17/03/2023 315.00   BOOK
        CRC Fr. Agnel's C.Rodrigues College of Engineering Fr. Agnel's C.Rodrigues College of Engineering 17/03/2023 Book Base 242.55 12057 dt 15/01/2013   621.042 KHA 22417 17/03/2023 315.00   BOOK